000 00979nac a22003257a 4500
001 BR0809531
003 BR-BrBNA
005 20240105123713.0
008 230509b bl.|||m| |||| 00| 0 por d
040 _aBR-BrBNA
_bpor
_cBiblioteca Nacional de Agricultura
072 _aF04; P35
090 _a3840 BR0809531
100 1 _aPrimavesi, A.C.
100 1 _aPrimavesi, O.
110 1 _aEMBRAPA Pecuária Sudeste, São Carlos, SP (Brasil)
_93694
245 1 _aCaracteristicas de corretivos agrícolas
260 3 _aSão Carlos, SP (Brasil):
_c2004.
300 _a28 p.
490 _aDocumentos - EMBRAPA Pecuária Sudeste (Brazil)
_vno. 37
_xISSN 1518-4757
500 _a5 ref.
650 _aSOLO
650 _aCORRETIVO
650 _aCALCÁRIO
650 _aVALOR NUTRITIVO
650 _aPODER NEUTRALIZANTE
650 _aCARACTERISTICAS AGRONÔMICAS
650 _aANÁLISE DO SOLO
909 _a202312
_bLúcia Elande
_c55
_dLúcia Elande
942 _2AGRIS
_n0
_cMS
999 _c296626
_d296626